Central Library OPAC University of Rajshahi

Ecological genetics / (Record no. 12504)

MARC details
000 -LEADER
fixed length control field 00797nam a2200289 a 4500
001 - CONTROL NUMBER
control field 12504
003 - CONTROL NUMBER IDENTIFIER
rucl marc code BD-RJUL
005 - DATE AND TIME OF LATEST TRANSACTION
control field 20211208235315.0
008 - FIXED-LENGTH DATA ELEMENTS--GENERAL INFORMATION
fixed length control field 161004s1975 enkaf b 001 0 eng
020 ## - INTERNATIONAL STANDARD BOOK NUMBER
International Standard Book Number 0412141302
035 ## - SYSTEM CONTROL NUMBER
System control number BD-RJUL 12553
040 ## - CATALOGING SOURCE
Original cataloging agency DLC
Transcribing agency DLC
Modifying agency m.c
Language of cataloging eng
041 ## - LANGUAGE CODE
Language code of text/sound track or separate title eng
060 #0 - NATIONAL LIBRARY OF MEDICINE CALL NUMBER
Classification number QH430 F699e
082 ## - DEWEY DECIMAL CLASSIFICATION NUMBER
Classification number 576.58
Author mark and year FOE 1975
100 1# - MAIN ENTRY--PERSONAL NAME
Personal name Ford, E. B.
Fuller form of name (Edmund Brisco),
Dates associated with a name 1901-1988
9 (RLIN) 159221
245 10 - TITLE STATEMENT
Title Ecological genetics /
Statement of responsibility, etc. E. B. Ford
250 ## - EDITION STATEMENT
Edition statement 4th ed
260 ## - PUBLICATION, DISTRIBUTION, ETC. (IMPRINT)
Place of publication, distribution, etc. London :
Name of publisher, distributor, etc. Chapman and Hall,
Date of publication, distribution, etc. 1975
300 ## - PHYSICAL DESCRIPTION
Pagination xx, 442 p. :
Illustrations ill. ;
Size 24 cm
500 ## - GENERAL NOTE
General note "A Halsted Press book."
General note Includes index
504 ## - BIBLIOGRAPHY, ETC. NOTE
Bibliography, etc Bibliography: p. 394-428
650 #0 - SUBJECT ADDED ENTRY--TOPICAL TERM
Topical term or geographic name as entry element Ecological genetics
9 (RLIN) 159222
942 ## - ADDED ENTRY ELEMENTS (KOHA)
Source of classification or shelving scheme Dewey Decimal Classification
Koha item type Books
Holdings
Lost status Source of classification or shelving scheme Damaged status Not for loan Collection code Permanent Location Current Location Shelving location Date acquired Source of acquisition Cost, normal purchase price Total Checkouts Full call number Date last seen Copy number Koha item type
  Dewey Decimal Classification     Non-fiction Central Library, University of Rajshahi Central Library, University of Rajshahi   18/05/1977 W. Heffer and sons 11.60   576.58 FOE 1975 04/10/2016 C-2 Books
  Dewey Decimal Classification   Not For Loan Non-fiction Central Library, University of Rajshahi Central Library, University of Rajshahi Reading Room 18/05/1977 W. Heffer and Sons 60.00   576.58 FOE 1975 14/03/2017 C-1 Books